Recopilación de leyes y reglamentos. Con índices numérico, por Ministerios, temático y de notas
Сохранить в:
| Соавтор: | |
|---|---|
| Формат: | |
| Язык: | испанский |
| Опубликовано: |
Santiago
Contraloría General de la República
1996
|
| Предметы: | |
| Метки: |
Добавить метку
Нет меток, Требуется 1-ая метка записи!
|
MARC
| LEADER | 00000nam a2200000 a 4500 | ||
|---|---|---|---|
| 001 | UCR0722 | ||
| 003 | CL-VaPUC | ||
| 008 | 971205e19960000CL |||||||||||||||||spa|d | ||
| 082 | 0 | 4 | |a 348.022 |b CON |2 21 |
| 110 | 2 | |a Contraloría General de la República |e author |9 396898 | |
| 245 | 1 | 0 | |a Recopilación de leyes y reglamentos. Con índices numérico, por Ministerios, temático y de notas |
| 300 | |a t | ||
| 942 | |c BK | ||
| 945 | |d 19971205 00:00:00 |a lriquelm | ||
| 260 | |a Santiago |b Contraloría General de la República |c 1996 | ||
| 500 | |a Contiene desde la ley 19.395, de 17 de Julio, a la ley 19.436, de 29 de diciembre de 1995, y reglamentos publicados entre los meses de julio y diciembre del mismo año | ||
| 500 | |a Donación profesor Fernando Recio Olguín | ||
| 650 | 7 | |a LEGISLACION |2 CL-VaPUC |9 396899 | |
| 650 | 0 | |a Leyes |9 256670 | |
| 650 | 7 | |a FUENTES |2 CL-VaPUC |9 255666 | |
| 650 | 7 | |a DERECHO CHILENO |2 CL-VaPUC |9 396900 | |
| 650 | 7 | |a DECRETOS SUPREMOS |2 CL-VaPUC |9 396008 | |
| 650 | 7 | |a DECRETO CON FUERZA DE LEY |2 CL-VaPUC |9 358086 | |
| 650 | 0 | |a Tratados internacionales |9 256056 | |
| 650 | 7 | |a PROTOCOLOS |2 CL-VaPUC |9 386841 | |
| 650 | 0 | |a Acuerdos internacionales |9 337381 | |
| 651 | 7 | |a CHILE |2 CL-VaPUC |9 396901 | |
| 583 | |a last modification |c 20140410 10:20:38 |k Rodrigo Vera | ||
| 999 | |c 264221 |d 264219 | ||
| 952 | |0 0 |1 0 |4 0 |6 348_022000000000000_CON_1996 |7 0 |8 F |9 294204 |a BIBDER |b BIBDER |d 2019-11-19 |h t.109 |i 1912011 |o 348.022 CON 1996 |p 1912011 |r 2023-01-25 |w 2019-11-19 |y BK_F |k DER | ||
| 952 | |0 0 |1 0 |4 0 |6 348_022000000000000_CON_1996 |7 0 |8 X |9 294205 |a BIBHIS |b BIBHIS |d 2019-11-19 |h t.109 |i 2129183 |o 348.022 CON 1996 |p 2129183 |r 2024-01-30 |w 2019-11-19 |y BK_X |k HIS | ||